000 00728nam a22002297a 4500
005 20140310183633.0
008 131123b xxu||||| |||| 00| 0 eng d
020 _a9780071088015
050 _aHD 28
_b.G242 2012
100 _aGarrison, Ray H.
245 _aManagerial accounting :
_ban asian perspective /
_cRay H. Garrison, Erik W. Noreen, Peter C. Brewer.
260 _aSingapore :
_bMcGraw-Hill,
_c2012.
300 _axxxiii, 854 p. :
_bcol. ill. ;
_c22 cm.
500 _aIncludes Index.
521 _aBSA
650 _aManagerial accounting
_zAsia.
650 _aManagerial accounting
_zUnited States.
700 _aNoreen, Erik W.
700 _aBrewer, Peter C.
942 _2lcc
_cBK
_kFOR
999 _c25656
_d25656